| Tag |
First Indicator |
Second Indicator |
Subfields |
| LEADER |
00000cam a2200000 i 4500 |
| 001 |
in00004412113 |
| 005 |
20211120111535.0 |
| 006 |
m o d f |
| 007 |
cr ||||||||||| |
| 008 |
210125s2021 dcua ob f000 0 eng c |
| 024 |
8 |
|
|a 36-914
|q (GPO jacket number)
|
| 035 |
|
|
|a (OCoLC)on1232471087
|
| 042 |
|
|
|a pcc
|
| 043 |
|
|
|a n-us---
|
| 040 |
|
|
|a GPO
|b eng
|e rda
|e pn
|c GPO
|d OCLCO
|d OCLCF
|d GPO
|d MvI
|
| 049 |
|
|
|a WWW
|
| 050 |
|
4 |
|a KF27
|b .S3995 2019
|
| 074 |
|
|
|a 1025-A-03 (online)
|
| 086 |
0 |
|
|a Y 4.SCI 2:116-34
|
| 088 |
|
|
|a Serial no. 116-34 (United States. Congress. House. Committee on Science, Space, and Technology (2011- ))
|
| 110 |
1 |
|
|a United States.
|b Congress.
|b House.
|b Committee on Science, Space, and Technology (2011- ).
|b Subcommittee on Space and Aeronautics,
|e author.
|
| 245 |
1 |
2 |
|a A review of NASA's plans for the international space station and future activities in low Earth orbit :
|b hearing before the Subcommittee on Space and Aeronautics of the Committee on Science, Space, and Technology, House of Representatives, One Hundred Sixteenth Congress, first session, July 10, 2019.
|
| 246 |
3 |
|
|a Review of National Aeronautics and Space Administration's plans for the international space station and future activities in low Earth orbit
|
| 264 |
|
1 |
|a Washington :
|b U.S. Government Publishing Office,
|c 2021.
|
| 300 |
|
|
|a 1 online resource (iii, 103 pages) :
|b illustrations
|
| 336 |
|
|
|a text
|b txt
|2 rdacontent
|
| 337 |
|
|
|a computer
|b c
|2 rdamedia
|
| 338 |
|
|
|a online resource
|b cr
|2 rdacarrier
|
| 500 |
|
|
|a Access ID (govinfo): CHRG-116hhrg36914.
|
| 500 |
|
|
|a "Serial no. 116-34."
|
| 504 |
|
|
|a Includes bibliographical references.
|
| 511 |
0 |
|
|a Hearing witnesses: Mr. William Gerstenmaier, Associate Administrator, Human Exploration and Operations Mission Directorate, National Aeronautics and Space Administration; The Honorable Paul Martin, Inspector General, National Aeronautics and Space Administration; Mr. Eric Stallmer, President, Commercial Spaceflight Federation; Dr. Joanne Irene Gabrynowicz, Emerita, University of Mississippi, Editor-in-Chief, Emerita, Journal of Space Law.
|
| 518 |
|
|
|a Date of hearing: 2019-07-10.
|
| 588 |
|
|
|a Description based on online resource; title from PDF title page (govinfo, viewed Jan. 22, 2021).
|
| 610 |
2 |
0 |
|a International Space Station.
|
| 651 |
|
0 |
|a Outer space
|x Exploration.
|
| 650 |
|
0 |
|a Space vehicles
|x Orbits.
|
| 610 |
1 |
0 |
|a United States.
|b National Aeronautics and Space Administration.
|
| 655 |
|
7 |
|a Legislative hearings.
|2 lcgft
|
| 776 |
0 |
8 |
|i Print version:
|a United States. Congress. House. Committee on Science, Space, and Technology (2011- ). Subcommittee on Space and Aeronautics.
|t Review of NASA's plans for the international space station and future activities in low Earth orbit
|w (OCoLC)1244130086
|
| 856 |
4 |
0 |
|u https://purl.fdlp.gov/GPO/gpo150537
|t 0
|
| 999 |
f |
f |
|s 87fb9ce1-7961-3307-b1e2-78b1263e98f8
|i 3c1b2bc7-0b49-36bf-9a7c-062795d7ba5a
|t 0
|
| 952 |
f |
f |
|a Texas A&M University
|b College Station
|c Electronic Resources
|d Available Online
|t 0
|e Y 4.SCI 2:116-34
|h Superintendent of Documents classification
|
| 998 |
f |
f |
|a Y 4.SCI 2:116-34
|t 0
|l Available Online
|